Countries of South America By Flag Quiz - Statistics

General Stats
  • This quiz has been taken 2,069 times
    2,062 since last reset
  • The average score is 10 of 12
Answer Stats
Picture Answer % Correct
Brazil
100%
Argentina
95%
Colombia
94%
Chile
93%
Uruguay
90%
Venezuela
90%
Ecuador
85%
Peru
83%
Paraguay
81%
Suriname
75%
Guyana
72%
Bolivia
71%
No matching quizzes found
Score Distribution
Percent of People with Each Score
Percentile by Number Answered
Your Score History
You have not taken this quiz since the last reset